Statistiken für Treibhausgas Emissionen

Klicken Sie hier um das Quiz zu spielen!

Allgemein

  • Dieses Quiz wurde 26 mal gespielt
  • Das Durchschnittsergebnis liegt bei 22 aus 30

Antwortstatistiken

RangTHG-Em. in Gt (1850 - 2019)Land% Korrekt
2338China
100%
1553USA
100%
4114Deutschland
96%
860Frankreich
96%
3173Russland
96%
1046Brasilien
92%
5112Indien
92%
698Vereinigtes Königreich
92%
775Japan
88%
1145Kanada
88%
1431Australien
83%
1629Indonesien
83%
1530Mexiko
83%
2120Spanien
83%
1333Italien
79%
1237Polen
75%
2220Argentinien
71%
2023Südkorea
71%
2517Türkei
71%
1826Südafrika
67%
1728Iran
63%
2815Thailand
63%
950Ukraine
58%
2616Niederlande
54%
2318Saudi-Arabien
54%
3011Vietnam
54%
2716Pakistan
46%
2418Nigeria
33%
1925Kasachstan
21%
2914Venezuela
13%

Verteilung der Resultate

Perzentil nach korrekt beantworteten Fragen

Anzahl Personen mit jedem Resultat

Ihre Resultats-Entwicklung

Sie haben dieses Quiz noch nicht gespielt